[Event "XXXII Belgrade Trophy 2018"]
[Site "Belgrade"]
[Date "2018.11.27"]
[Round "4"]
[White "Petrov, Marian"]
[Black "Lajthajm, Borko"]
[Result "0-1"]
[WhiteElo "2488"]
[BlackElo "2407"]
[Annotator "TA"]
[PlyCount "76"]
[EventDate "2018.11.24"]
[EventType "swiss"]
[EventCountry "SRB"]
[SourceTitle "playchess.com"]
[Source "ChessBase"]
[SourceQuality "1"]

{[%evp 14,76,41,24,35,35,43,8,39,-81,-68,-64,-38,-35,-16,-28,-18,-68,-41,-64,-57,-55,-53,-60,-15,-89,-61,-93,-59,-72,-64,-65,-57,-64,-65,-66,-8,-63,21,28,33,0,0,0,-26,-116,-102,-84,-39,-67,-56,-82,-74,-189,-175,-262,-257,-258,-234,-510,-488,-6045,-6045,-1072,-875]} 1. e4 c6 2. d4 d6 3. Nc3 Nf6 4. f4 g6 5. Nf3 Bg7 6. Be3 O-O 7. Qd2 b5 {[%cal Bb7b5,Bb5b4][%mdl 32]} 8. Bd3 {LiveBook: 14 Games} b4 {B09: Pirc Defence: Austrian Attack} (8... a5 9. h3 Bb7 10. e5 b4 11. Ne4 Nd5 12. O-O Nxe3 13. Qxe3 Na6 14. e6 f5 15. Neg5 c5 16. Qf2 Bxf3 17. Nxf3 cxd4 {0-1 (30) Lacasa Diaz,J (2411)-Movsziszian,K (2509) Catalunya 2014}) 9. Ne2 a5 10. Ng3 Ng4 $146 {The position is equal.} ({Predecessor:} 10... d5 11. e5 Ng4 12. f5 c5 13. c3 Nc6 {0-1 (36) Sviridova,O (1947)-Zinovjev,Y (2129) Tambov 2014}) 11. e5 (11. Bg1 $1 $14) 11... c5 $1 $17 12. c3 bxc3 13. bxc3 cxd4 14. cxd4 Ba6 15. Be4 Ra7 16. h3 Nxe3 17. Qxe3 Rc7 18. Kf2 d5 19. Bb1 (19. Bd3 $11) 19... e6 20. h4 h5 21. Ne2 Qe7 22. Bd3 Bxd3 23. Qxd3 Nc6 24. a3 Rfc8 (24... Rb8 $15) 25. Rhg1 $11 f5 (25... a4 $15) 26. exf6 Qxf6 27. g4 (27. Rgc1 $14) 27... hxg4 28. Rxg4 Ne7 29. Rag1 (29. Ne5 $11 {remains equal.}) 29... Rc2 $17 30. h5 Qf5 31. Qxf5 $1 exf5 32. R4g3 Rb2 $36 {[%mdl 2048] Black is really pushing.} 33. Ne5 (33. hxg6 $17 Rcc2 34. Re1) 33... Rcc2 $19 34. Re3 {[#]} (34. Re1 $142) 34... Bxe5 $1 ({And not} 34... gxh5 35. Nd3 $16) 35. Rxe5 {[#]} Kf7 $1 36. h6 $2 (36. Rg5 {was the only chance.} Nc6 37. hxg6+ Kg7 38. Rxd5 Rxe2+ 39. Kf3) 36... Nc6 $1 {[%csl LRd4,LRe5] Black is clearly winning.} 37. Rxd5 (37. Re1 $142 Nxe5 38. dxe5) 37... Rxe2+ 38. Kf3 Ke6 {Accuracy: White = 22%, Black = 53%.} 0-1

[Event "XXXII Belgrade Trophy 2018"]
[Site "Belgrade"]
[Date "2018.11.27"]
[Round "4"]
[White "Sanal, Vahap"]
[Black "Atakisi, Umut"]
[Result "1-0"]
[WhiteElo "2485"]
[BlackElo "2398"]
[Annotator "TA"]
[PlyCount "73"]
[EventDate "2018.11.24"]
[EventType "swiss"]
[EventCountry "SRB"]
[SourceTitle "playchess.com"]
[Source "ChessBase"]
[SourceQuality "1"]

{[%evp 22,73,26,16,17,24,52,27,45,45,41,40,50,45,41,37,29,50,37,21,25,26,31,-50,-59,-39,-46,-57,-22,-22,0,-59,-33,-31,-37,-37,-17,-16,0,0,0,0,0,3,12,0,0,0,82,82,84,94,488,478]} 1. Nf3 d5 2. g3 Nf6 3. Bg2 c6 4. O-O Bf5 5. c4 e6 6. cxd5 exd5 7. d3 Be7 8. Qb3 {A11: English Opening: 1...c6} (8. Qc2 O-O 9. Nc3 Na6 10. a3 d4 11. Nb1 c5 12. Bg5 h6 13. Bxf6 Bxf6 14. Nbd2 Rc8 15. Rfe1 Qd7 {½-½ (68) Duda,J (2717)-Naiditsch,A (2705) Riadh 2017}) 8... Qb6 9. Qc2 Na6 10. a3 O-O 11. Nc3 h6 12. e4 {LiveBook: 4 Games} Bh7 13. Be3 Qc7 $146 ({Predecessor:} 13... Qd8 14. Rad1 Nc7 15. h3 c5 {½-½ (27) Dordzhieva,D (2295)-Jogstad,M (2283) Uppsala 2017}) 14. b4 Rad8 15. Rac1 ({Stronger than} 15. Bxa7 dxe4 16. dxe4 b6 $17) 15... dxe4 16. dxe4 Qb8 17. Qe2 Rfe8 18. Nd4 {aiming for Nxc6!} Nc7 {[%cal Ba6c7,Bc7e6,Be6c5,Bc5d3,Bd3b2][%mdl 32]} 19. f3 c5 20. Ndb5 {[#] Black must now prevent Bf4.} Ne6 {Hoping for ...a6.} 21. bxc5 Bxc5 22. a4 (22. Bxc5 $14 Nxc5 23. Qe3) 22... a6 $15 23. Bxc5 Nxc5 24. Na3 $1 Nd3 25. Rcd1 Qd6 26. Nab1 (26. Qe3 $11 Qxa3 27. Rxd3) 26... Qb6+ (26... b5 $5 27. axb5 axb5 $15) 27. Kh1 Nb2 28. Rc1 Qb4 29. Na2 Qb3 30. Rc3 $1 $36 {[%cal Rc3b3][%mdl 2048] White is more active.} Qxa2 31. Ra3 $1 {[%cal Ra3a2]} Qe6 {Threatens to win with ...Qe5.} 32. Qxb2 Re7 33. Rb3 Qc6 34. Nc3 b5 (34... Red7 $11) 35. e5 Rxe5 {Strongly threatening ...Qe6.} 36. f4 {[%cal Bf3f4,Bf4e5][%mdl 96] [#] Discovered Attack} Be4 $2 {[%mdl 8192]} (36... Re4 $16) 37. fxe5 {Accuracy: White = 69%, Black = 46%.} 1-0

[Event "XXXII Belgrade Trophy 2018"]
[Site "Belgrade"]
[Date "2018.11.27"]
[Round "4"]
[White "Radovanovic, Mihajlo"]
[Black "Olcum, Ahmet"]
[Result "1/2-1/2"]
[WhiteElo "2466"]
[BlackElo "2326"]
[Annotator "TA"]
[PlyCount "67"]
[EventDate "2018.11.24"]
[EventType "swiss"]
[EventCountry "SRB"]
[SourceTitle "playchess.com"]
[Source "ChessBase"]
[SourceQuality "1"]

{[%evp 22,67,27,27,27,35,32,0,7,-5,0,-2,0,-13,58,50,124,117,114,112,93,106,87,79,95,95,91,43,77,0,0,0,0,-9,0,-40,0,0,0,-11,0,0,0,0,0,0,0,0]} 1. Nf3 d6 2. d4 g6 3. c4 Bg7 4. Nc3 Nd7 5. g3 e5 6. Bg2 Ne7 7. O-O O-O 8. dxe5 dxe5 {A41: 1 d4 d6: Tartakower System and Modern Defence} 9. Qc2 Nf5 10. Bg5 f6 11. Bd2 Nc5 12. Rad1 {LiveBook: 3 Games} c6 13. Bc1 $146 ({Predecessor:} 13. Bh6 Qb6 14. Bxg7 Nxg7 15. h3 Bf5 16. Qc1 {0-1 (37) McMahon,D (2153)-Guseinov,G (2613) Istanbul 2012}) 13... Qe7 14. b3 Ne6 15. e3 Nh6 16. Bb2 f5 17. Qc1 e4 (17... Qc7 $11) 18. Ba3 $1 $36 {[%cal Ra3e7][%mdl 2048] White has good play.} Qxa3 ({Black should try} 18... c5 $14) 19. Qxa3 $16 exf3 20. Bxf3 {[#] aiming for Na4.} Bxc3 21. b4 Bf6 22. b5 Nf7 23. bxc6 Ne5 24. Bd5 bxc6 25. f4 (25. Bg2 $16) 25... cxd5 $11 26. fxe5 Bxe5 27. cxd5 Ng5 28. Rb1 Ne4 {[%mdl 1024] Black has compensation.} 29. Rfc1 {The position is equal.} Bd6 30. Qa4 {[#] Strongly threatening Qc6.} Rd8 31. Qd4 Rd7 32. Qa4 $1 {Rxc8+! is the strong threat.} Rd8 $1 33. Qd4 Rd7 34. Qa4 $1 {Accuracy: White = 64%, Black = 51%.} 1/2-1/2

[Event "XXXII Belgrade Trophy 2018"]
[Site "Belgrade"]
[Date "2018.11.27"]
[Round "4"]
[White "Antic, Dejan"]
[Black "Kostic, Vladimir V"]
[Result "1-0"]
[WhiteElo "2462"]
[BlackElo "2266"]
[Annotator "TA"]
[PlyCount "131"]
[EventDate "2018.11.24"]
[EventType "swiss"]
[EventCountry "SRB"]
[SourceTitle "playchess.com"]
[Source "ChessBase"]
[SourceQuality "1"]

{[%evp 24,131,16,25,18,21,48,50,43,43,66,56,60,60,62,65,69,56,73,69,67,40,53,41,48,53,74,77,97,86,101,112,106,107,108,106,100,106,91,95,149,141,141,127,135,127,197,188,253,248,248,167,167,167,167,167,167,167,175,167,233,233,382,384,357,347,504,490,592,588,1070,1049,953,845,1212,1212,1585,1558,7703,5526,29950,11780,29965,29970,29970,29971,29971,29960,29960,29961,29960,29957,29956,29956,29953,1120,12372,8623,5110,1257,12721,12366,11368,12200,6553,6017,29974,29966,29966,12366]} 1. d4 f5 2. g3 Nf6 3. Bg2 g6 4. Nf3 d6 5. c4 Bg7 6. Nc3 O-O 7. O-O c6 8. Rb1 a5 9. b3 {A88: Dutch Defence: Leningrad System: 5 Nf3 0-0 6 0-0 d6 7 Nc3 c6} (9. d5 e5 10. dxe6 Bxe6 11. b3 Qe7 12. Bf4 Rd8 13. Qd2 d5 14. cxd5 Nxd5 15. Nxd5 Bxd5 16. Bg5 Bf6 17. Bxf6 Qxf6 {0-1 (70) Sarana,A (2543)-Mamedyarov,S (2791) Sochi 2017}) 9... Na6 10. Bb2 Bd7 11. d5 Nc5 12. Nd4 Rc8 13. e3 {[#] LiveBook: 3 Games} Qc7 $146 ({Predecessor:} 13... Qe8 14. Qe2 Qf7 15. Rbc1 h6 16. Ba1 Kh7 17. Qc2 Nce4 18. Nxe4 Nxe4 {½-½ (39) Lauber,A (2444)-Kamsky,G (2660) Warsaw 2016}) 14. a3 e5 15. dxe6 $1 Nxe6 16. Nde2 Ng5 17. Nf4 Ne6 18. Nce2 Nxf4 19. Nxf4 Rfe8 20. h4 Rcd8 21. Qc2 Bc8 22. Bc3 Ne4 23. Bxg7 Qxg7 24. Rbd1 Qe5 25. Rd4 Nf6 26. Rfd1 Qc5 27. Qb2 Qe5 28. Qd2 Ne4 29. Bxe4 fxe4 30. Rxd6 Rxd6 31. Qxd6 Bg4 ({Black should play} 31... Qc3) 32. Qxe5 $16 Rxe5 {[%mdl 4096] Endgame KRB-KRN} 33. Rd8+ Kg7 34. Kf1 b5 (34... Re7 $16 {might work better.} 35. Rd4 Kf6) 35. Ke1 a4 (35... bxc4 $142 36. bxc4 Kf7) 36. bxa4 $18 bxc4 37. Ne2 Bxe2 38. Kxe2 {KR-KR} Ra5 39. Rd4 Rxa4 40. Rxe4 Kf6 {[#]} 41. g4 $1 h6 (41... Kg7 {is a better defense.} 42. Re7+ Kg8) 42. f4 h5 (42... g5 $142 43. fxg5+ hxg5) 43. gxh5 gxh5 44. Re5 c3 (44... Rxa3 $142 45. Rxh5 Ke6 46. Re5+ Kd6) 45. Rc5 Rxa3 46. Rxc6+ Ke7 47. Kd3 c2+ 48. Kd2 Ra1 49. Kxc2 Rh1 50. Kd3 Rxh4 51. Kd4 Rh1 52. Ke5 (52. f5 $142 h4 53. Ke5 Kf7 54. Rc7+ Kg8 55. e4 h3 56. Rc3 Kf7 57. Rc7+ Kg8 58. Rc8+ Kf7 59. Rc7+ Kg8) 52... Kf7 53. f5 h4 54. Rc7+ Kg8 55. e4 h3 56. Rc3 Kf7 57. Rg3 (57. Rc7+ Kg8 $16) 57... Rh2 58. Rf3 Rh1 59. Rf2 (59. Rb3 $142 h2 60. Rb2 Ke7 61. Rb7+ Kf8 62. Kf6 (62. Rh7 Kg8 $16) 62... Ke8 63. Re7+ Kd8 64. Rh7) 59... Ke7 60. Rf4 Kf7 61. Rh4 (61. Rf3 $142 h2 62. Rh3) 61... h2 62. Rh3 Kg7 63. Rg3+ Kf7 {[#]} 64. Rg2 $1 {[%cal Rg2b2]} Kf8 65. Kf6 ({Not} 65. Ke6 Re1 $18) 65... Ra1 66. Rxh2 {Accuracy: White = 76%, Black = 35%.} 1-0

[Event "XXXII Belgrade Trophy 2018"]
[Site "Belgrade"]
[Date "2018.11.27"]
[Round "4"]
[White "Todorovic, Goran M"]
[Black "Zivkovic, Marko"]
[Result "1/2-1/2"]
[WhiteElo "2435"]
[BlackElo "2302"]
[Annotator "TA"]
[PlyCount "34"]
[EventDate "2018.11.24"]
[EventType "swiss"]
[EventCountry "SRB"]
[SourceTitle "playchess.com"]
[Source "ChessBase"]
[SourceQuality "1"]

{[%evp 18,34,-29,-31,-33,-38,-19,-40,-34,-37,0,-68,-45,-58,-62,-62,0,0,0]} 1. e4 c6 2. Nc3 d5 3. Nf3 Bg4 4. d4 e6 5. h3 Bxf3 6. Qxf3 Nf6 7. e5 {B11: Caro-Kann: Two Knights Variation} (7. exd5 cxd5 8. Bb5+ Nc6 9. O-O Be7 10. Ne2 a6 11. Bd3 Nb4 12. Bg5 O-O 13. Nf4 h6 14. Bxf6 Bxf6 {½-½ (73) Vallejo Pons,F (2711)-Navara,D (2725) Tallinn 2016}) 7... Nfd7 8. Qg3 Qb6 9. f4 Qxd4 10. Be3 {LiveBook: 3 Games} Qb4 11. O-O-O Na6 $146 ({Predecessor:} 11... g6 12. Rd4 Qa5 13. Ra4 Qc7 14. Rxa7 Rxa7 15. Bxa7 {½-½ (40) Pallardo Lozoya,J (2382)-Salvador Lopez,D (2162) Linares 2018}) 12. Be2 Nac5 13. Kb1 Qa5 14. Qf2 (14. Rhf1 $11) 14... b5 $15 {[#] Hoping for ...b4.} 15. Bf3 $1 Na4 16. Nxa4 Qxa4 (16... bxa4 $15 17. f5 Bc5) 17. f5 $11 {aiming for fxe6.} O-O-O $1 1/2-1/2

[Event "XXXII Belgrade Trophy 2018"]
[Site "Belgrade"]
[Date "2018.11.27"]
[Round "4"]
[White "Velickovic, Sasa"]
[Black "Abramovic, Bosko"]
[Result "1/2-1/2"]
[WhiteElo "2293"]
[BlackElo "2372"]
[Annotator "NA"]
[PlyCount "21"]
[EventDate "2018.11.24"]
[EventType "swiss"]
[EventCountry "SRB"]
[SourceTitle "playchess.com"]
[Source "ChessBase"]
[SourceQuality "1"]
[TimeControl "40/5400+30:900+30"]

1. Nf3 {[%emt 0:00:00]} Nf6 {[%emt 0:00:00]} 2. b3 {[%emt 0:00:00]} d5 {[%emt 0:00:00]} 3. Bb2 {[%emt 0:00:00]} c6 {[%emt 0:00:07]} 4. g3 {[%emt 0:00:00]} Bf5 {[%emt 0:00:11]} 5. Bg2 {[%emt 0:00:00]} e6 {[%emt 0:00:05]} 6. d3 {[%emt 0:00:00]} h6 {[%emt 0:00:05]} 7. O-O {[%emt 0:00:00]} Be7 {[%emt 0:00:06]} 8. c4 {[%emt 0:00:06]} O-O {[%emt 0:00:07]} 9. Nbd2 {[%emt 0:00:04]} Nbd7 {[%emt 0:00:13]} 10. Re1 {[%emt 0:00:06]} Bh7 {[%emt 0:00:14]} 11. a3 {[%emt 0:00:04]} 1/2-1/2

[Event "XXXII Belgrade Trophy 2018"]
[Site "Belgrade"]
[Date "2018.11.27"]
[Round "4"]
[White "Chelushkina, Irina"]
[Black "Blagojevic, Dragisa"]
[Result "0-1"]
[WhiteElo "2286"]
[BlackElo "2494"]
[Annotator "TA"]
[PlyCount "49"]
[EventDate "2018.11.24"]
[EventType "swiss"]
[EventCountry "SRB"]
[SourceTitle "playchess.com"]
[Source "ChessBase"]
[SourceQuality "1"]

{[%evp 11,49,-8,-8,-48,-51,-45,-29,-116,-60,-110,-33,-106,-8,-14,0,-42,-10,-147,-17,-133,-28,-148,-123,-185,-88,-183,-58,-59,-60,-154,-133,-201,-107,-214,-93,-258,-239,-800,-568,-939]} 1. e4 e5 2. Nf3 Nc6 3. d3 Nf6 4. Be2 g6 5. O-O Bg7 6. Nc3 O-O 7. Nd5 {C44: Ponziani Opening and Scotch Gambit} Nxd5 8. exd5 Ne7 9. Bg5 $146 (9. d4 $11) ({Predecessor:} 9. c4 d6 10. Nd2 Nf5 11. Bg4 Nd4 12. Bxc8 Rxc8 {0-1 (26) Rutaremara,T-Tsang,H (2084) Istanbul 2012}) 9... h6 (9... f6 $17 10. Bd2 Nxd5) 10. Bd2 f5 (10... Nxd5 $17 11. c4 Nf4 12. Bxf4 exf4) 11. Ne1 (11. c4 $15) 11... f4 (11... Nxd5 $17 12. d4 d6 13. dxe5 dxe5) 12. Bf3 g5 13. g4 c6 14. Rc1 (14. d6 $11 Ng6 15. Be4) 14... Qb6 ({Don't take} 14... cxd5 15. c4 $15) (14... Nxd5 $17 15. c4 Nf6) 15. a4 (15. c4 $11 {remains equal.}) 15... a5 ({Of course not} 15... Qxb2 $6 16. c4 $15) (15... Nxd5 $17 16. c4 Nf6) 16. Rb1 (16. c4 $11) 16... cxd5 17. b4 (17. c4 $17) 17... axb4 (17... Qg6 $19 {has better winning chances.} 18. Ng2 e4 19. dxe4 dxe4 20. Bxe4 Qxe4) 18. Rxb4 (18. Bxb4 $17 d6 19. c4) 18... Qa7 (18... Qe6 $19 {Strongly threatening ...Nc6.} 19. Qb1 d6) 19. a5 Qxa5 {aiming for ...Qc7.} 20. Rxb7 (20. Rxf4 $1 $15 Qa6 21. Rxf8+ Bxf8 22. Ng2) 20... Qd8 ({Weaker is} 20... Bxb7 21. Bxa5 Rxa5 22. Qb1 $11) 21. Rb4 (21. Rb1 $17) 21... Ra5 (21... Ba6 $19 22. Qb1 {[#]} e4 $1 {[%mdl 512]} 23. dxe4 Nc6) 22. Qe2 (22. c4 $17) 22... d4 (22... Nc6 $19 {is more deadly. Hoping for ...Ba6.} 23. c4 Nd4) 23. Be4 $2 {[#]} (23. c4 $17 {keeps fighting.}) 23... Nc6 24. Bc1 $2 (24. Rb2 Rc5 25. Bg2) 24... d5 25. f3 {Accuracy: White =  7%, Black = 21%.} 0-1

[Event "XXXII Belgrade Trophy 2018"]
[Site "Belgrade"]
[Date "2018.11.27"]
[Round "4"]
[White "Svicevic, Rastko"]
[Black "Rajkovic, Mladen"]
[Result "0-1"]
[WhiteElo "2236"]
[BlackElo "2355"]
[Annotator "TA"]
[PlyCount "76"]
[EventDate "2018.11.24"]
[EventType "swiss"]
[EventCountry "SRB"]
[SourceTitle "playchess.com"]
[Source "ChessBase"]
[SourceQuality "1"]

{[%evp 18,76,22,8,56,59,49,61,60,64,78,83,81,66,75,79,77,65,66,79,77,41,31,49,35,-11,0,0,0,11,7,0,-5,-1,-7,-33,-24,-66,-66,-63,-38,-119,-119,-114,-99,-119,-120,-447,-428,-682,-421,-534,-536,-511,-495,-4570,-402,-708,-452,-377,-377]} 1. e4 e5 2. Nf3 Nc6 3. Nc3 Nf6 4. d4 exd4 5. Nxd4 Bb4 6. Nxc6 bxc6 7. Bd3 O-O 8. O-O Re8 9. Bg5 {[%cal Bc1g5,Bg5h4,Bh4f2][%mdl 32]} h6 10. Bh4 Rb8 {C47: Scotch Four Knights and Four Knights with 4 g3} (10... Qe7 11. Kh1 Bxc3 12. bxc3 d5 13. exd5 cxd5 14. Qf3 g5 15. Bb5 Bg4 16. Qd3 c6 17. Bxc6 Be2 18. Qd4 Bxf1 19. Rxf1 gxh4 20. Bxa8 Rxa8 21. Qxh4 {0-1 (32) Dubov,D (2701)-Fedoseev,V (2724) Moscow 2018}) 11. f4 Be7 12. b3 d6 {White is slightly better.} 13. Qf3 Nd7 14. Bf2 Bf6 15. e5 $1 {[%cal Re5f6]} dxe5 {[#]} 16. Qe4 $1 {[%cal Re4h7]} Nf8 17. f5 {[#]} ({Wrong is} 17. Bxa7 $2 exf4 18. Qc4 Ra8 $19) 17... a5 $146 ({Predecessor:} 17... Bb7 18. Rad1 {½-½ (32) Liu,G (2459)-Wen,Y (2585) China 2018}) 18. Rad1 Qe7 19. Qxc6 {Hoping for Nd5.} Bb7 20. Qc4 $1 e4 21. Rde1 {[%cal Rc3e4]} Bxc3 $1 22. Qxc3 Qb4 $36 {[%mdl 2048] White is under pressure.} 23. Qxb4 axb4 24. Bb5 Re5 25. Bc4 Ra5 26. Be3 Nd7 27. f6 Nxf6 28. Bd4 Bd5 {aiming for ...Bxc4.} 29. Bxf6 (29. Rf5 $15 Rba8 30. a3 bxa3 31. Bxf6 Bxc4 {[%mdl 64] Discovered Attack} 32. Rxa5 Rxa5 33. Bc3) 29... Bxc4 $17 ({But not} 29... gxf6 $6 30. Bxd5 Rxd5 31. Rxe4 $14) 30. bxc4 gxf6 31. Rxe4 Rxa2 32. Rxf6 $2 {[%mdl 8192]} (32. Rf2 $17 {is tougher.}) 32... Rxc2 $15 {[%mdl 4096] Endgame KRR-KRR} 33. Re7 (33. Rg4+ $142 Kf8 34. Rxh6) 33... Rd8 34. h3 {[#]} Rd1+ $1 35. Kh2 Rdd2 36. Rexf7 (36. h4 $142 Rxg2+ 37. Kh3 Rh2+ 38. Kg4 Rxc4+ 39. Kf3) 36... Rxg2+ $19 37. Kh1 Rg7 38. Rf8+ Kh7 {Accuracy: White = 37%, Black = 83%.} 0-1

[Event "XXXII Belgrade Trophy 2018"]
[Site "Belgrade"]
[Date "2018.11.27"]
[Round "4"]
[White "Gunduz, Umut Erdem"]
[Black "Cerovic, Danilo"]
[Result "1/2-1/2"]
[WhiteElo "2205"]
[BlackElo "2333"]
[Annotator "ChessBase"]
[PlyCount "92"]
[EventDate "2018.11.24"]
[EventType "swiss"]
[EventCountry "SRB"]
[SourceTitle "playchess.com"]
[Source "ChessBase"]
[SourceQuality "1"]
[TimeControl "40/5400+30:900+30"]

1. e4 {[%emt 0:00:53]} e6 {[%emt 0:03:42]} 2. d4 {[%emt 0:00:35]} d5 {[%emt 0:00:07]} 3. Nc3 {[%emt 0:01:26]} Nf6 {[%emt 0:00:45]} 4. e5 {[%emt 0:00:10]} Nfd7 {[%emt 0:00:18]} 5. f4 {[%emt 0:00:09]} c5 {[%emt 0:00:26]} 6. Nf3 {[%emt 0:00:29]} Nc6 {[%emt 0:00:27]} 7. Be3 {[%emt 0:00:42]} Be7 {[%emt 0:01:10]} 8. Qd2 {[%emt 0:00:18]} O-O {[%emt 0:00:14]} 9. dxc5 {[%emt 0:00:23]} Nxc5 {[%emt 0:01:00]} 10. O-O-O {[%emt 0:00:18]} Rb8 {[%emt 0:00:35]} 11. Kb1 {[%emt 0:00:48]} b5 {[%emt 0:03:13]} 12. Bxc5 {[%emt 0:01:41]} Bxc5 {[%emt 0:00:18]} 13. Bd3 {[%emt 0:00:17]} f5 {[%emt 0:15:22]} 14. exf6 {[%emt 0:09:49]} Qxf6 {[%emt 0:03:54]} 15. Ne2 {[%emt 0:03:32]} Nb4 {[%emt 0:18:42]} 16. Ne5 {[%emt 0:06:41]} a5 {[%emt 0:09:13]} 17. Rhf1 {[%emt 0:15:04]} a4 {[%emt 0:06:10]} 18. Qc3 {[%emt 0:01:13]} Bd6 {[%emt 0:04:42]} 19. Nd4 {[%emt 0:01:26]} Nxd3 {[%emt 0:04:39]} 20. cxd3 {[%emt 0:05:45]} a3 {[%emt 0:06:08]} 21. b4 {[%emt 0:06:41]} Qh4 {[%emt 0:08:11]} 22. g3 {[%emt 0:21:08]} Qxh2 {[%emt 0:02:30]} 23. Nef3 {[%emt 0:00:12]} Qh6 {[%emt 0:04:07]} 24. Nc6 {[%emt 0:07:17]} Ra8 {[%emt 0:02:20]} 25. Nfe5 {[%emt 0:06:34]} Bb7 {[%emt 0:02:04]} 26. Na5 {[%emt 0:00:41]} d4 {[%emt 0:00:18]} 27. Qxd4 {[%emt 0:02:08]} Bxe5 {[%emt 0:00:49]} 28. Qxe5 {[%emt 0:01:41]} Bd5 {[%emt 0:00:01]} 29. Qc3 {[%emt 0:03:47]} Qh2 {[%emt 0:00:15]} 30. Qxa3 {[%emt 0:00:31]} Qxg3 {[%emt 0:00:03]} 31. Qb2 {[%emt 0:00:07]} g6 {[%emt 0:01:28]} 32. Qd2 {[%emt 0:02:43]} Rac8 {[%emt 0:00:21]} 33. Rde1 {[%emt 0:00:34]} Rf7 {[%emt 0:00:37]} 34. Nb3 {[%emt 0:00:35]} Bxb3 {[%emt 0:00:38]} 35. axb3 {[%emt 0:00:01]} Qg4 {[%emt 0:00:34]} 36. Re4 {[%emt 0:00:43]} Qf5 {[%emt 0:00:44]} 37. Rfe1 {[%emt 0:00:09]} Qd5 {[%emt 0:00:11]} 38. Kb2 {[%emt 0:00:15]} Rc6 {[%emt 0:00:43]} 39. Qe3 {[%emt 0:00:43]} Rfc7 {[%emt 0:00:55]} 40. Qd2 {[%emt 0:01:19]} Ra6 {[%emt 0:00:55]} 41. Rc1 {[%emt 0:15:26]} Rac6 {[%emt 0:05:08]} 42. Rxc6 {[%emt 0:00:00]} Qxc6 {[%emt 0:01:46]} 43. Re5 {[%emt 0:00:00]} Qb6 {[%emt 0:02:59]} 44. d4 {[%emt 0:00:00]} Qa6 {[%emt 0:03:36]} 45. Rc5 {[%emt 0:00:00]} Ra7 {[%emt 0:00:15]} 46. Qe1 {[%emt 0:00:00]} Qd6 {[%emt 0:01:51]} 1/2-1/2

[Event "XXXII Belgrade Trophy 2018"]
[Site "Belgrade"]
[Date "2018.11.27"]
[Round "4"]
[White "Vreljanski, Dragomir"]
[Black "Djordjevic, Vuk"]
[Result "0-1"]
[WhiteElo "2146"]
[BlackElo "2414"]
[Annotator "RC"]
[PlyCount "31"]
[EventDate "2018.11.24"]
[EventType "swiss"]
[EventCountry "SRB"]
[SourceTitle "playchess.com"]
[Source "ChessBase"]
[SourceQuality "1"]
[TimeControl "40/5400+30:900+30"]

1. d4 {[%emt 0:00:00]} e6 {[%emt 0:00:00]} 2. Nf3 {[%emt 0:00:04]} Nf6 {[%emt 0:00:10]} 3. Bg5 {[%emt 0:00:30]} d5 {[%emt 0:00:30]} 4. e3 {[%emt 0:00:30]} h6 {[%emt 0:00:30]} 5. Bh4 {[%emt 0:00:30]} Nbd7 {[%emt 0:00:30]} 6. Nbd2 {[%emt 0:00:30]} Be7 {[%emt 0:00:30]} 7. Bd3 {[%emt 0:00:30]} c5 {[%emt 0:00:30]} 8. c3 {[%emt 0:00:30]} b6 {[%emt 0:00:30]} 9. Ne5 {[%emt 0:00:30]} Nxe5 {[%emt 0:14:37]} 10. dxe5 {[%emt 0:07:41]} Nd7 {[%emt 0:00:09]} 11. Bg3 {[%emt 0:00:32]} Bb7 {[%emt 0:09:49]} 12. O-O {[%emt 0:13:10]} c4 {[%emt 0:18:03]} 13. Bc2 {[%emt 1:11:33] b5Nf3 [%clk 0:52:01] b4 [%clk 0:00:00] Nd4 [%clk 0:00:00] Qb6 [%clk 0:00:00] Qg4 [%clk 0:12:34] Bf8Bg6Be7Bc2 [%clk 0:12:34] Bf8Bg6 [%clk 0:11:42] Nc5cxb4 [%clk 0:00:00] Nd3 [%clk 0:00:00] Nxe6 [%clk 0:00:00] fxg6 [%clk 0:00:00] Qxg6+ [%clk 0:00:00] Kd7 [%clk 0:00:00] Qf7+ [%clk 0:04:28] Be7Nd4 [%clk 0:00:00] Raf8 [%clk 0:00:00] Qxg7 [%clk 0:00:00] Kd8 [%clk 0:00:00] Qg4 [%clk 0:00:00]} Bc8 {[%emt 0:50:42]} 14. Qe2 {[%emt 0:00:30]} h5 {[%emt 0:00:30]} 15. h4 {[%emt 0:00:00] Bg4 [%clk 0:04:38] f3 [%clk 0:02:28] Bd7 [%clk 0:04:53] a3 [%clk 0:02:00]} Rg8 {[%emt 0:00:00] Be1 [%clk 0:01:27] Bh3 [%clk 0:04:41] g3 [%clk 0:00:50] Bxh4 [%clk 0:04:12]} 16. Kh2 {[%emt 0:00:09] Bxf1 [%clk 0:03:57] Qxf1 [%clk 0:01:09] Nxe1 [%clk 0:04:11] gxh4 [%clk 0:01:15] Qg6 [%clk 0:04:27]} 0-1